মিটফোর্ড হাসপাতাল ও ঢাকা মেডিকেল স্কুল ইতিহাস ও ঐতিহ্য ১৮৫৮-১৯৪৭ / (Record no. 101166)
[ view plain ]
| 000 -LEADER | |
|---|---|
| fixed length control field | 00812nam a22001817a 4500 |
| 003 - CONTROL NUMBER IDENTIFIER | |
| control field | BD-DhUL |
| 005 - DATE AND TIME OF LATEST TRANSACTION | |
| control field | 20160824113336.0 |
| 008 - FIXED-LENGTH DATA ELEMENTS--GENERAL INFORMATION | |
| fixed length control field | 160824b2007 bg ||||| |||| 000 0 b d |
| 040 ## - CATALOGING SOURCE | |
| Original cataloging agency | BD-DhUL |
| Transcribing agency | BD-DhUL |
| 082 ## - DEWEY DECIMAL CLASSIFICATION NUMBER | |
| Classification number | 362.1109 |
| Item number | AHM |
| 100 ## - MAIN ENTRY--PERSONAL NAME | |
| Personal name | আহমেদ, শরীফ উদ্দিন |
| 245 ## - TITLE STATEMENT | |
| Title | মিটফোর্ড হাসপাতাল ও ঢাকা মেডিকেল স্কুল ইতিহাস ও ঐতিহ্য ১৮৫৮-১৯৪৭ / |
| Statement of responsibility, etc. | শরীফ উদ্দিন আহমেদ |
| 260 ## - PUBLICATION, DISTRIBUTION, ETC. (IMPRINT) | |
| Place of publication, distribution, etc. | ঢাকা : |
| Name of publisher, distributor, etc. | একাডেমিক, |
| Date of publication, distribution, etc. | ২০০৭. |
| 300 ## - PHYSICAL DESCRIPTION | |
| Extent | xx, ৪৯২ পৃ., |
| Other physical details | [১৪] লিফ্স অফ প্লেটস ; |
| Dimensions | ২২ সেমি. |
| 650 ## - SUBJECT ADDED ENTRY--TOPICAL TERM | |
| Topical term or geographic name as entry element | ইতিহাস |
| 650 ## - SUBJECT ADDED ENTRY--TOPICAL TERM | |
| Topical term or geographic name as entry element | History. |
| 942 ## - ADDED ENTRY ELEMENTS (KOHA) | |
| Source of classification or shelving scheme | |
| Koha item type | Books |
| Price effective from | Date last seen | Permanent Location | Not for loan | Date acquired | Source of classification or shelving scheme | Koha item type | Lost status | Withdrawn status | Copy number | Source of acquisition | Collection code | Damaged status | Shelving location | Barcode | Current Location | Full call number |
|---|---|---|---|---|---|---|---|---|---|---|---|---|---|---|---|---|
| 2016-08-24 | 2016-08-24 | Dhaka University Library | 2016-08-24 | Books | 2 | purchased | Non Fiction | General Stacks | 456048 | Dhaka University Library | 362.1109 AHM | |||||
| 2016-08-24 | 2016-08-24 | Dhaka University Library | 2016-08-24 | Books | 1 | purchased | Non Fiction | General Stacks | 456047 | Dhaka University Library | 362.1109 AHM | |||||
| 2016-08-24 | 2016-08-24 | Dhaka University Library | 2016-08-24 | Books | 4 | 456049 | Dhaka University Library | 362.11095492 AHM | ||||||||
| 2016-09-20 | 2016-09-20 | Dhaka University Library | 2016-09-20 | Books | 3 | purchased | Non Fiction | General Stacks | 443473 | Dhaka University Library | 362.1109 AHM | |||||
| 2016-09-20 | 2016-09-20 | Dhaka University Library | 2016-09-20 | Books | 5 | purchased | Non Fiction | General Stacks | 443474 | Dhaka University Library | 362.1109 AHM | |||||
| 2017-03-02 | 2017-03-02 | Dhaka University Library | Not For Loan | 2017-03-02 | Books | 6 | Gift | Reference | Rare Collection | 443472 | Dhaka University Library | 362.1109 AHM |
